000 00810cam a2200253 a 4500
001 16155000
003 SEKU
005 20140822154347.0
008 100325s2010 enka 001 0 eng
010 _a 2010286938
020 _a9780199543373
040 _aDLC
_cDLC
_dDLC
_dSEKU
050 0 0 _aQD453.3
_b.A74 2010
100 1 _aAtkins, P. W.
_q(Peter William),
_d1940-
245 1 0 _aAtkins' Physical chemistry /
_cPeter Atkins, Julio de Paula.
246 3 0 _aPhysical chemistry
250 _a9th ed.
260 _aOxford ;
_aNew York :
_bOxford University Press,
_cc2010.
300 _axxix, 972 p. :
_bcol. ill. ;
_c28 cm.
500 _aIncludes index.
650 0 _aChemistry, Physical and theoretical
_vTextbooks.
700 1 _aDe Paula, Julio.
942 _2lcc
_cGEN
_hQD453.3
_i.A74 2010
999 _c1641
_d1641